[Event "1st 4NCL Spring Bank Holiday Congress"]
[Site "Basingstoke"]
[Date "2018.05.27"]
[Round "4"]
[Board "20"]
[White "Howell, Oliver W"]
[Black "Moore, Geoffrey R"]
[Result "1-0"]
[WhiteElo "1831"]
[BlackElo "2011"]
[PlyCount "69"]
[EventDate "2018.05.25"]
[EventRounds "7"]
[EventCountry "ENG"]

1. Nf3 Nf6 2. g3 g6 3. Bg2 Bg7 4. O-O O-O 5. c4 d6 6. Nc3 Nc6 7. d4 e5 8. e4
Bg4 9. d5 Nd4 10. Be3 Nxf3+ 11. Bxf3 Bxf3 12. Qxf3 Nd7 13. Qe2 f5 14. f3 f4 15.
Bd2 fxg3 16. hxg3 Nf6 17. b4 Nh5 18. Qh2 Rf7 19. Ne2 Qf8 20. Qg2 Bh6 21. Rad1
Bxd2 22. Rxd2 Qh6 23. Rd3 Raf8 24. g4 Nf4 25. Nxf4 Qxf4 26. g5 a6 27. a4 h6 28.
gxh6 Qxh6 29. f4 exf4 30. Rh3 Qg7 31. Kh2 Qf6 32. Rh6 Rg7 33. Qh3 Qe5 34. Rh8+
Kf7 35. Qd7+ 1-0

[Event "1st 4NCL Spring Bank Holiday Congress"]
[Site "Basingstoke"]
[Date "2018.05.27"]
[Round "4"]
[Board "21"]
[White "Kopernicky, Martin"]
[Black "Graham, Cassie M"]
[Result "1/2-1/2"]
[WhiteElo "2057"]
[BlackElo "1853"]
[PlyCount "54"]
[EventDate "2018.05.25"]
[EventRounds "7"]
[EventCountry "ENG"]

1. d4 Nf6 2. c4 g6 3. Nc3 d5 4. cxd5 Nxd5 5. e4 Nxc3 6. bxc3 Bg7 7. Be3 c5 8.
Bc4 O-O 9. Ne2 cxd4 10. cxd4 Nc6 11. O-O a6 12. Rb1 Na5 13. Bd3 Bd7 14. Qd2 b5
15. Rfc1 Rc8 16. Bh6 Qb6 17. Bxg7 Kxg7 18. a4 Rxc1+ 19. Qxc1 Rc8 20. Qb2 Nc4
21. Bxc4 Rxc4 22. axb5 Qxb5 23. Qxb5 Bxb5 24. f3 Ra4 25. Nc3 Rxd4 26. Nxb5 axb5
27. Rxb5 Rd2 1/2-1/2

[Event "1st 4NCL Spring Bank Holiday Congress"]
[Site "Basingstoke"]
[Date "2018.05.27"]
[Round "4"]
[Board "22"]
[White "Jukes, Sam"]
[Black "Dilleigh, Stephen P"]
[Result "0-1"]
[WhiteElo "1797"]
[BlackElo "2056"]
[PlyCount "48"]
[EventDate "2018.05.25"]
[EventRounds "7"]
[EventCountry "ENG"]

1. e4 e6 2. Nf3 d5 3. e5 c5 4. b4 cxb4 5. a3 bxa3 6. d4 Nc6 7. c3 Bd7 8. Bd3 h6
9. O-O a6 10. Bxa3 Bxa3 11. Nxa3 Rc8 12. Qe2 Na5 13. c4 dxc4 14. Bxc4 Bc6 15.
d5 exd5 16. e6 Nf6 17. exf7+ Kxf7 18. Ne5+ Kg8 19. Bd3 Qd6 20. Ng6 Re8 21. Qd2
Nb3 22. Qd1 Nxa1 23. Qxa1 Ng4 24. f4 Qc5+ 0-1

[Event "1st 4NCL Spring Bank Holiday Congress"]
[Site "Basingstoke"]
[Date "2018.05.27"]
[Round "5"]
[Board "1"]
[White "Jackson, James P"]
[Black "Pert, Nicholas"]
[Result "0-1"]
[WhiteElo "2364"]
[BlackElo "2543"]
[PlyCount "90"]
[EventDate "2018.05.25"]
[EventRounds "7"]
[EventCountry "ENG"]

1. e4 c5 2. Nf3 Nc6 3. d4 cxd4 4. Nxd4 e5 5. Nb5 d6 6. N1c3 a6 7. Na3 Be7 8.
Nc4 b5 9. Ne3 Nf6 10. g3 Be6 11. Bg2 Rc8 12. O-O Nd4 13. Ncd5 Nxd5 14. exd5 Bd7
15. c3 Nf5 16. Nc2 a5 17. Be4 g6 18. f4 Ng7 19. Be3 Bh3 20. Re1 O-O 21. Bd3 Nf5
22. Bf2 exf4 23. gxf4 Bh4 24. Qf3 Bxf2+ 25. Qxf2 Rc5 26. Be4 Qf6 27. a3 Bg4 28.
Kh1 Re8 29. Bg2 Rcc8 30. Kg1 Kf8 31. Bf1 Nh4 32. Rxe8+ Rxe8 33. Bxb5 Re4 34.
Rf1 Nf3+ 35. Kh1 Rxf4 36. Qe3 Bh3 37. Rd1 Rg4 38. Qh6+ Kg8 39. Qxh3 Rh4 40.
Qc8+ Kg7 41. h3 Qg5 42. Rf1 Qg3 43. Rxf3 Qxf3+ 44. Kh2 Qf2+ 45. Kh1 f5 0-1

[Event "1st 4NCL Spring Bank Holiday Congress"]
[Site "Basingstoke"]
[Date "2018.05.27"]
[Round "5"]
[Board "2"]
[White "Sowray, Peter J"]
[Black "Graham, David B"]
[Result "1/2-1/2"]
[WhiteElo "2365"]
[BlackElo "2150"]
[PlyCount "61"]
[EventDate "2018.05.25"]
[EventRounds "7"]
[EventCountry "ENG"]

1. e4 c5 2. Nf3 d6 3. d4 cxd4 4. Nxd4 Nf6 5. Nc3 g6 6. f4 Nc6 7. Nf3 Bg7 8. Bd3
O-O 9. O-O Bd7 10. Qe1 Rc8 11. Qh4 Qa5 12. f5 Ne5 13. Nxe5 Qxe5 14. Kh1 d5 15.
Bf4 Qd4 16. Rad1 dxe4 17. Bb5 Qxc3 18. bxc3 Bxb5 19. Rf2 Rxc3 20. fxg6 hxg6 21.
Be5 e3 22. Bxc3 exf2 23. Bxf6 f1=Q+ 24. Rxf1 Bxf6 25. Rxf6 exf6 26. Qxf6 Re8
27. h4 Bc6 28. Qf2 a6 29. Kh2 Re4 30. Kg3 Kg7 31. Kh2 1/2-1/2

[Event "1st 4NCL Spring Bank Holiday Congress"]
[Site "Basingstoke"]
[Date "2018.05.27"]
[Round "5"]
[Board "3"]
[White "O'Gorman, Tom"]
[Black "Jones, Steven A"]
[Result "1-0"]
[WhiteElo "2255"]
[BlackElo "2225"]
[PlyCount "125"]
[EventDate "2018.05.25"]
[EventRounds "7"]
[EventCountry "ENG"]

1. e4 e5 2. Nf3 Nc6 3. Bb5 a6 4. Ba4 Nf6 5. O-O Be7 6. Re1 b5 7. Bb3 d6 8. c3
O-O 9. h3 Na5 10. Bc2 c5 11. d4 Nd7 12. a4 exd4 13. cxd4 Bb7 14. Bf4 cxd4 15.
Nxd4 b4 16. Nf5 Ne5 17. Nd2 Bg5 18. Bg3 Qb6 19. Kh2 Bf6 20. b3 Bc8 21. Ne3 Be6
22. Rc1 Nec6 23. f4 Bc3 24. f5 Bxd2 25. Qxd2 Bxb3 26. Qxd6 Bxc2 27. Rxc2 b3 28.
Nd5 Qb7 29. Rxc6 Nxc6 30. Qxc6 Qxc6 31. Ne7+ Kh8 32. Nxc6 Rfc8 33. Nd4 b2 34.
Rb1 Rc4 35. Nb3 Rxa4 36. Rxb2 Rb4 37. Rb1 a5 38. Nd2 Rxb1 39. Nxb1 Rd8 40. Bc7
Rd1 41. Nc3 Rc1 42. Bxa5 f6 43. g4 Ra1 44. Bb4 Re1 45. h4 Re3 46. g5 Kg8 47.
gxf6 gxf6 48. Nd5 Re2+ 49. Kg3 Kf7 50. Kf3 Rh2 51. Bc3 Rxh4 52. Bxf6 Rh1 53.
Bc3 Rd1 54. Nf4 Rf1+ 55. Ke3 Rg1 56. e5 Rg3+ 57. Kd4 Rf3 58. e6+ Ke8 59. Bd2
Rf1 60. f6 Rb1 61. Nd5 Rb7 62. Bf4 h5 63. Nc7+ 1-0

[Event "1st 4NCL Spring Bank Holiday Congress"]
[Site "Basingstoke"]
[Date "2018.05.27"]
[Round "5"]
[Board "4"]
[White "Merry, Alan B"]
[Black "Bukojemski, Adam"]
[Result "1-0"]
[WhiteElo "2439"]
[BlackElo "2194"]
[PlyCount "51"]
[EventDate "2018.05.25"]
[EventRounds "7"]
[EventCountry "ENG"]

1. e4 c5 2. Nf3 e6 3. g3 Nc6 4. Bg2 d6 5. O-O Nf6 6. Re1 Be7 7. c3 O-O 8. d4
Qc7 9. dxc5 dxc5 10. e5 Nd5 11. Qe2 Bd7 12. c4 Nb6 13. Bf4 Nd4 14. Nxd4 cxd4
15. Nd2 Bc6 16. b3 Bxg2 17. Kxg2 Qc6+ 18. Kg1 Rfd8 19. Rad1 a5 20. Ne4 a4 21.
Qg4 Kh8 22. Bg5 Qe8 23. Nd6 Rxd6 24. exd6 Bxd6 25. Qxd4 Bc7 26. Bf4 1-0

[Event "1st 4NCL Spring Bank Holiday Congress"]
[Site "Basingstoke"]
[Date "2018.05.27"]
[Round "5"]
[Board "5"]
[White "Burrows, Martin P"]
[Black "Nunn, John Dm"]
[Result "0-1"]
[WhiteElo "2110"]
[BlackElo "2579"]
[PlyCount "78"]
[EventDate "2018.05.25"]
[EventRounds "7"]
[EventCountry "ENG"]

1. e4 c5 2. Nf3 d6 3. d4 Nf6 4. Nc3 cxd4 5. Nxd4 a6 6. h3 e5 7. Nde2 h5 8. Bg5
Be6 9. Bxf6 Qxf6 10. Nd5 Qd8 11. Qd3 Nc6 12. O-O-O Rc8 13. Nec3 g6 14. Kb1 Bh6
15. h4 b5 16. g3 O-O 17. Bh3 Nd4 18. f4 Bxd5 19. Nxd5 Rxc2 20. Rc1 Rc5 21. b4
Rxd5 22. exd5 f5 23. fxe5 dxe5 24. Rc5 Bg7 25. Rhc1 e4 26. Qe3 Nf3 27. Bg2 Qf6
28. R1c3 Ne5 29. Bf1 Kh7 30. Kc2 Rf7 31. Be2 Qd6 32. a3 Nd7 33. Rc6 Qxd5 34.
Qd2 Qa2+ 35. Kd1 Qa1+ 36. Rc1 Qxa3 37. Qd6 Qb3+ 38. Ke1 Ne5 39. R6c3 Nf3+ 0-1

[Event "1st 4NCL Spring Bank Holiday Congress"]
[Site "Basingstoke"]
[Date "2018.05.27"]
[Round "5"]
[Board "6"]
[White "Golding, Alex"]
[Black "Jukes, Sam"]
[Result "1-0"]
[WhiteElo "2224"]
[BlackElo "1797"]
[PlyCount "71"]
[EventDate "2018.05.25"]
[EventRounds "7"]
[EventCountry "ENG"]

1. e4 e5 2. Nf3 Nc6 3. Bc4 Nf6 4. d3 Be7 5. Bb3 d6 6. c3 O-O 7. Nbd2 Na5 8. Bc2
c5 9. Qe2 Re8 10. Nf1 Nc6 11. h3 Bf8 12. g4 d5 13. Ng3 dxe4 14. dxe4 g6 15. Bg5
Be7 16. Be3 Nd7 17. Bb3 Nf8 18. Bd5 Qc7 19. O-O-O Nd4 20. Qc4 b5 21. Qf1 Rb8
22. Nxe5 Qxe5 23. cxd4 cxd4 24. Bxd4 Bg5+ 25. Kb1 Qe7 26. f4 Bh4 27. Qg1 Bxg3
28. Qxg3 Bb7 29. Rhe1 a6 30. f5 Rbc8 31. Qf2 Bxd5 32. exd5 Qc7 33. Rxe8 Rxe8
34. fxg6 Nxg6 35. Qf6 Kf8 36. d6 1-0

[Event "1st 4NCL Spring Bank Holiday Congress"]
[Site "Basingstoke"]
[Date "2018.05.27"]
[Round "5"]
[Board "7"]
[White "Ratnesan, Ranesh"]
[Black "Villiers, Thomas"]
[Result "0-1"]
[WhiteElo "2039"]
[BlackElo "2195"]
[PlyCount "106"]
[EventDate "2018.05.25"]
[EventRounds "7"]
[EventCountry "ENG"]

1. Nf3 Nf6 2. g3 b6 3. Bg2 Bb7 4. d4 e6 5. O-O Be7 6. c4 O-O 7. d5 exd5 8. Nh4
Ne4 9. cxd5 Bxh4 10. Bxe4 Bf6 11. Nc3 Re8 12. Bg2 g6 13. Ne4 Bg7 14. Bg5 f6 15.
Bf4 d6 16. h4 Nd7 17. h5 Nc5 18. Nxc5 bxc5 19. hxg6 hxg6 20. Qd3 f5 21. Qd2 Qf6
22. Be3 Rab8 23. Rab1 Ba6 24. b3 Qc3 25. Qxc3 Bxc3 26. Bf3 Re7 27. Rfc1 Bf6 28.
Rc2 Bc8 29. Bc1 f4 30. Bxf4 Bf5 31. e4 Bxe4 32. Bxe4 Rxe4 33. Rd1 a5 34. Rdd2
a4 35. Rd3 axb3 36. axb3 Reb4 37. Ra2 Rxb3 38. Rxb3 Rxb3 39. Ra7 g5 40. Be3 Rd3
41. Rxc7 Rxd5 42. Kg2 g4 43. f3 Rd3 44. Kf2 gxf3 45. Rd7 c4 46. Kxf3 Bg5 47.
Rxd6 Rxd6 48. Bxg5 c3 49. Ke2 c2 50. Bd2 Kf7 51. g4 Kg6 52. Ke1 Re6+ 53. Kf2
Ra6 0-1

[Event "1st 4NCL Spring Bank Holiday Congress"]
[Site "Basingstoke"]
[Date "2018.05.27"]
[Round "5"]
[Board "8"]
[White "Merriman, John"]
[Black "Prior, Stephen Cv"]
[Result "1-0"]
[WhiteElo "2270"]
[BlackElo "2014"]
[PlyCount "157"]
[EventDate "2018.05.25"]
[EventRounds "7"]
[EventCountry "ENG"]

1. d4 Nf6 2. c4 e6 3. Nc3 Bb4 4. e3 O-O 5. Nge2 c6 6. a3 Ba5 7. b4 Bc7 8. e4 d5
9. e5 Ne8 10. Ng3 f6 11. f4 fxe5 12. fxe5 Qh4 13. Bd3 Nd7 14. Qh5 Qxh5 15. Nxh5
Nxe5 16. dxe5 Bxe5 17. Bd2 Nd6 18. cxd5 cxd5 19. Ng3 Bd7 20. Rc1 b5 21. Nd1 Nc4
22. Bc3 Bf4 23. Rc2 Nxa3 24. Rf2 Bd6 25. Ra2 Nc4 26. Bxc4 bxc4 27. Ra6 Bc7 28.
Bd4 e5 29. Bc5 Rfb8 30. Nc3 d4 31. Nd5 Bb6 32. Bd6 Re8 33. Nxb6 axb6 34. Rxa8
Rxa8 35. O-O Re8 36. Re1 d3 37. Ne4 Bf5 38. Nc3 e4 39. Bf4 h6 40. Kf2 Ra8 41.
Bd2 Ra3 42. g4 Bg6 43. Ke3 Rb3 44. Rb1 Ra3 45. Kd4 Ra8 46. Kxc4 Rf8 47. Be3
Rc8+ 48. Kd4 Rd8+ 49. Kc4 Rc8+ 50. Kb3 Bf7+ 51. Kb2 b5 52. Bc5 Bc4 53. Nxe4 Re8
54. Nc3 Re6 55. Rg1 g5 56. Kc1 Rf6 57. Kd2 Rf4 58. Be3 Rf7 59. Ra1 Rf3 60. Rg1
Rf8 61. Rg2 Ra8 62. Rf2 Ra1 63. Bd4 Rh1 64. Ne4 Rb1 65. Bc3 Rg1 66. Ng3 Rb1 67.
Nf5 Kh7 68. Ne3 Rg1 69. Nxc4 bxc4 70. b5 Rb1 71. Rf5 Rh1 72. Rf2 Rb1 73. Rf7+
Kg8 74. Rb7 Rg1 75. Be5 Rg2+ 76. Kc3 Rc2+ 77. Kb4 d2 78. Rd7 Kf8 79. Bc3 1-0

[Event "1st 4NCL Spring Bank Holiday Congress"]
[Site "Basingstoke"]
[Date "2018.05.27"]
[Round "5"]
[Board "9"]
[White "Bates, Richard A"]
[Black "Moore, Gerald"]
[Result "1-0"]
[WhiteElo "2371"]
[BlackElo "2064"]
[PlyCount "91"]
[EventDate "2018.05.25"]
[EventRounds "7"]
[EventCountry "ENG"]

1. d4 g6 2. Nf3 Bg7 3. g3 Nf6 4. c4 O-O 5. Bg2 d6 6. O-O Nc6 7. Nc3 Bg4 8. d5
Na5 9. Nd2 c5 10. h3 Bd7 11. Qc2 e5 12. dxe6 Bxe6 13. b3 Nc6 14. Bb2 Qd7 15.
Kh2 d5 16. Nxd5 Nxd5 17. Bxg7 Kxg7 18. cxd5 Bxd5 19. e4 Be6 20. f4 f6 21. Nf3
Qe7 22. e5 f5 23. Rfd1 Rad8 24. Qc3 Kg8 25. Ng5 Nd4 26. Nxe6 Nxe6 27. Bd5 b6
28. Qc4 Rde8 29. Bxe6+ Qxe6 30. Rd6 Qxc4 31. bxc4 Rd8 32. Rad1 Rxd6 33. Rxd6
Rf7 34. Kg2 Rb7 35. g4 Kf7 36. Kg3 fxg4 37. hxg4 a6 38. f5 b5 39. Rc6 bxc4 40.
Rxc5 Rb5 41. Rc7+ Kf8 42. Kf4 g5+ 43. Ke4 c3 44. Rxc3 Rb4+ 45. Kd5 Rxg4 46. Ke6
 1-0

[Event "1st 4NCL Spring Bank Holiday Congress"]
[Site "Basingstoke"]
[Date "2018.05.27"]
[Round "5"]
[Board "10"]
[White "Ahluwalia, Amardip"]
[Black "Willmoth, Robert F"]
[Result "0-1"]
[WhiteElo "2019"]
[BlackElo "2186"]
[PlyCount "94"]
[EventDate "2018.05.25"]
[EventRounds "7"]
[EventCountry "ENG"]

1. e4 d6 2. d4 Nf6 3. Nc3 g6 4. Be3 Nbd7 5. Qd2 c6 6. f3 b5 7. a3 Bb7 8. Bd3 a6
9. Nh3 e5 10. O-O Bg7 11. dxe5 dxe5 12. Rad1 O-O 13. Nf2 Re8 14. Rfe1 Qc7 15.
Bf1 Rad8 16. Qc1 Nf8 17. Rxd8 Rxd8 18. Rd1 Ne6 19. Rxd8+ Qxd8 20. Qd1 Qc7 21.
Qd2 Nd7 22. g3 Nd4 23. Bg2 Nb6 24. b3 c5 25. Ne2 f5 26. Bxd4 cxd4 27. Nd3 fxe4
28. fxe4 Nd7 29. c3 Nc5 30. Nxc5 Qxc5 31. cxd4 Qxa3 32. d5 Bf8 33. Qc3 Qd6 34.
h4 Be7 35. Bh3 Kg7 36. Be6 Bd8 37. Qf3 Qe7 38. Kg2 a5 39. h5 a4 40. Nc3 a3 41.
Na2 b4 42. hxg6 hxg6 43. g4 Ba6 44. Nxb4 Qxb4 45. Qf7+ Kh6 46. Qg8 Qxe4+ 47.
Kh3 Bf1+ 0-1

[Event "1st 4NCL Spring Bank Holiday Congress"]
[Site "Basingstoke"]
[Date "2018.05.27"]
[Round "5"]
[Board "11"]
[White "Tozer, Philip Aa"]
[Black "Howell, Oliver W"]
[Result "1-0"]
[WhiteElo "2171"]
[BlackElo "1831"]
[PlyCount "107"]
[EventDate "2018.05.25"]
[EventRounds "7"]
[EventCountry "ENG"]

1. c4 e6 2. g3 f5 3. Bg2 Nf6 4. Nf3 Be7 5. O-O O-O 6. Nc3 d6 7. a3 a5 8. d3 Qe8
9. Bd2 e5 10. Rc1 Qh5 11. Nd5 Bd8 12. b4 axb4 13. axb4 f4 14. Nxf6+ Rxf6 15. e3
Bh3 16. exf4 Bxg2 17. Kxg2 exf4 18. Bxf4 Ra3 19. Qd2 g5 20. Nxg5 Rxf4 21. Qxf4
Qxg5 22. Qe4 Nc6 23. Ra1 Rxa1 24. Rxa1 Nxb4 25. Rb1 Na6 26. Rxb7 Nc5 27. Qe8+
Kg7 28. Rb8 Be7 29. h4 Qf6 30. Qg8+ Kh6 31. Qd5 Qe5 32. Qf3 Ne6 33. Qe3+ Qxe3
34. fxe3 Kg6 35. Kf3 c5 36. Rb7 Kf6 37. Ke4 Ng7 38. g4 Ke6 39. d4 Ne8 40. g5
Ng7 41. Rb8 Kf7 42. dxc5 dxc5 43. Ke5 Kg6 44. Rb6+ Kf7 45. Rh6 Bf8 46. Rxh7 Kg8
47. Rh6 Ne8 48. Re6 Nc7 49. Rc6 Ne8 50. Kd5 Kf7 51. h5 Ng7 52. Rc7+ Be7 53.
Rxe7+ Kxe7 54. h6 1-0

[Event "1st 4NCL Spring Bank Holiday Congress"]
[Site "Basingstoke"]
[Date "2018.05.27"]
[Round "5"]
[Board "12"]
[White "Amato, Giampiero"]
[Black "Jamroz, Krzysztof"]
[Result "1/2-1/2"]
[WhiteElo "2075"]
[BlackElo "2000"]
[PlyCount "120"]
[EventDate "2018.05.25"]
[EventRounds "7"]
[EventCountry "ENG"]

1. e4 c5 2. Nf3 Nc6 3. d4 cxd4 4. Nxd4 Nf6 5. Nc3 e5 6. Ndb5 d6 7. Bg5 a6 8.
Na3 b5 9. Bxf6 gxf6 10. Nd5 f5 11. c3 Bg7 12. exf5 Bxf5 13. Nc2 Be6 14. Nce3
Ne7 15. a4 Nxd5 16. Nxd5 bxa4 17. Qxa4+ Bd7 18. Qa5 O-O 19. Qxd8 Rfxd8 20. Nb6
Rab8 21. Rxa6 Bc8 22. Nxc8 Rdxc8 23. Ra2 e4 24. Kd2 d5 25. Ba6 Rc6 26. Rd1 d4
27. cxd4 Bxd4 28. Ke1 Bxb2 29. Be2 Kg7 30. Kf1 f5 31. g3 Kf6 32. Ra6 Rxa6 33.
Bxa6 Be5 34. h3 Rb2 35. Re1 Bd4 36. Re2 Rb1+ 37. Kg2 Ke5 38. Bc4 h6 39. Bf7 Rb7
40. Be8 Re7 41. Bc6 Re6 42. Ba4 f4 43. gxf4+ Kxf4 44. Ra2 Rg6+ 45. Kh2 Ra6 46.
Bb3 Rb6 47. Bd1 Rb1 48. Bg4 Rb5 49. Rd2 Bb6 50. Ra2 Rg5 51. Rb2 Bc5 52. Rc2 h5
53. Bd1 Bd6 54. Be2 e3 55. fxe3+ Kxe3+ 56. Kh1 h4 57. Bg4 Ra5 58. Kg2 Ra3 59.
Re2+ Kf4 60. Rf2+ Ke5 1/2-1/2

[Event "1st 4NCL Spring Bank Holiday Congress"]
[Site "Basingstoke"]
[Date "2018.05.27"]
[Round "5"]
[Board "13"]
[White "Tombolis, Christopher"]
[Black "Yoon, Jacob D"]
[Result "1/2-1/2"]
[WhiteElo "1864"]
[BlackElo "2022"]
[PlyCount "157"]
[EventDate "2018.05.25"]
[EventRounds "7"]
[EventCountry "ENG"]

1. d4 Nf6 2. c4 e6 3. Nc3 Bb4 4. e3 O-O 5. Nge2 c6 6. a3 Ba5 7. Qc2 d5 8. Ng3
Nbd7 9. cxd5 exd5 10. Bd3 Re8 11. O-O Nf8 12. Bf5 Ng6 13. Bxg6 hxg6 14. Nce2
Bc7 15. Bd2 a5 16. b4 Qd6 17. Qc5 Ne4 18. Qxd6 Nxd6 19. bxa5 Nc4 20. Bb4 Bxa5
21. Nc3 b5 22. Rfb1 Be6 23. a4 Reb8 24. Bxa5 Rxa5 25. e4 Rba8 26. exd5 Bxd5 27.
Rb4 Nb6 28. Rab1 Nxa4 29. Nxd5 cxd5 30. Rxb5 Rxb5 31. Rxb5 Nc3 32. Rb2 Ra1+ 33.
Nf1 Rd1 34. Rd2 Rxd2 35. Nxd2 Ne2+ 36. Kf1 Nxd4 37. Nb1 Nb5 38. Ke2 Kf8 39. Kd3
Ke7 40. Nd2 g5 41. Nf3 f6 42. Ne1 Ke6 43. Nc2 g6 44. g3 Kd6 45. Ne3 f5 46. Ng2
Ke6 47. h3 Nd6 48. f3 Ke5 49. f4+ gxf4 50. gxf4+ Ke6 51. Nh4 Kf6 52. Kd4 Ne4
53. Ng2 Ke6 54. Ne3 Nf6 55. Kc5 Kf7 56. Nxd5 Nxd5 57. Kxd5 Kg7 58. Kd4 Kf6 59.
h4 Ke6 60. Kc5 Kf7 61. Kd4 Kf6 62. Ke3 Ke6 63. Kd4 Kd6 64. Kc4 Kc6 65. Kd4 Kd7
66. Ke5 Ke7 67. h5 gxh5 68. Kxf5 h4 69. Kg4 Kf6 70. Kxh4 Kf5 71. Kg3 Kg6 72.
Kg4 Kf6 73. f5 Kf7 74. Kg5 Kg7 75. f6+ Kf7 76. Kf5 Kf8 77. Kg6 Kg8 78. f7+ Kf8
79. Kf6 1/2-1/2

[Event "1st 4NCL Spring Bank Holiday Congress"]
[Site "Basingstoke"]
[Date "2018.05.27"]
[Round "5"]
[Board "14"]
[White "Benson, Paul J"]
[Black "Kopernicky, Martin"]
[Result "1-0"]
[WhiteElo "1988"]
[BlackElo "2057"]
[PlyCount "71"]
[EventDate "2018.05.25"]
[EventRounds "7"]
[EventCountry "ENG"]

1. e4 e5 2. Nf3 Nc6 3. d4 exd4 4. Nxd4 Bc5 5. Nxc6 Qf6 6. Qf3 dxc6 7. Nc3 Be6
8. Qxf6 Nxf6 9. f3 O-O-O 10. Bd2 Bf2+ 11. Ke2 Bc4+ 12. Kxf2 Bxf1 13. Bg5 Bc4
14. Bxf6 gxf6 15. Rad1 Be6 16. b3 f5 17. e5 Rxd1 18. Rxd1 Rd8 19. Rxd8+ Kxd8
20. Ke3 Ke7 21. Kf4 f6 22. Ne2 c5 23. Ng3 fxe5+ 24. Kxe5 c4 25. Nxf5+ Kd7 26.
Ne3 cxb3 27. cxb3 a5 28. Kd4 b5 29. Kc5 c6 30. Nc2 a4 31. Nd4 axb3 32. axb3 Bd5
33. b4 Ke7 34. Nxc6+ Ke6 35. Nd4+ Ke5 36. Nxb5 1-0

[Event "1st 4NCL Spring Bank Holiday Congress"]
[Site "Basingstoke"]
[Date "2018.05.27"]
[Round "5"]
[Board "15"]
[White "Graham, Cassie M"]
[Black "Chapman, Matt"]
[Result "0-1"]
[WhiteElo "1853"]
[BlackElo "2087"]
[PlyCount "88"]
[EventDate "2018.05.25"]
[EventRounds "7"]
[EventCountry "ENG"]

1. e4 c6 2. d3 d5 3. Nd2 e5 4. Ngf3 Bd6 5. g3 Nf6 6. Bg2 O-O 7. O-O Qc7 8. c3
Nbd7 9. Qc2 a5 10. Re1 Rd8 11. Nf1 dxe4 12. dxe4 Nc5 13. Nh4 Bf8 14. Bg5 Ncd7
15. Nf5 h6 16. Bd2 Nc5 17. h3 Kh7 18. g4 g6 19. N5g3 Be6 20. g5 Ng8 21. gxh6 a4
22. h4 Nd3 23. Red1 Nf4 24. h5 Bxh6 25. hxg6+ fxg6 26. Bf3 Nf6 27. Nh2 b5 28.
Bxf4 Bxf4 29. Nhf1 Qb6 30. Rxd8 Rxd8 31. b3 axb3 32. axb3 Kg7 33. Ne2 Bg5 34.
Nc1 Bg4 35. Bxg4 Nxg4 36. Qe2 Bh4 37. Nd3 Nxf2 38. Nxf2 Rf8 39. Qa2 Bxf2+ 40.
Kg2 Qd8 41. Qxf2 Rxf2+ 42. Kxf2 Qd3 43. Ra7+ Kf6 44. Ne3 Qxe4 0-1

[Event "1st 4NCL Spring Bank Holiday Congress"]
[Site "Basingstoke"]
[Date "2018.05.27"]
[Round "5"]
[Board "16"]
[White "Dilleigh, Stephen P"]
[Black "Rushbrooke, Remy"]
[Result "1/2-1/2"]
[WhiteElo "2056"]
[BlackElo "1842"]
[PlyCount "54"]
[EventDate "2018.05.25"]
[EventRounds "7"]
[EventCountry "ENG"]

1. Nf3 e6 2. c4 f5 3. g3 Nf6 4. Bg2 Be7 5. O-O O-O 6. b3 d6 7. d4 Qe8 8. Nc3
Ne4 9. Bb2 Nxc3 10. Bxc3 Nd7 11. Qc2 Nf6 12. Bb2 c6 13. Rad1 Bd8 14. c5 d5 15.
Ne5 Bc7 16. Nd3 Nd7 17. Qd2 Qe7 18. e3 Kh8 19. b4 e5 20. dxe5 Nxe5 21. Nxe5
Bxe5 22. Bxe5 Qxe5 23. Qd4 Qxd4 24. Rxd4 Be6 25. Rb1 Rab8 26. Bf1 b6 27. Rc1 b5
 1/2-1/2

[Event "1st 4NCL Spring Bank Holiday Congress"]
[Site "Basingstoke"]
[Date "2018.05.27"]
[Round "5"]
[Board "17"]
[White "Isaksen, Peter A"]
[Black "Munshi, Aditya"]
[Result "1-0"]
[WhiteElo "1813"]
[BlackElo "1971"]
[PlyCount "87"]
[EventDate "2018.05.25"]
[EventRounds "7"]
[EventCountry "ENG"]

1. e4 c5 2. c3 Nf6 3. e5 Nd5 4. d4 cxd4 5. Nf3 e6 6. cxd4 d6 7. Bc4 Nc6 8. O-O
Be7 9. Re1 O-O 10. Nbd2 dxe5 11. dxe5 Nb6 12. Bb3 Nb4 13. Ne4 h6 14. Nd4 Bd7
15. Qg4 Kh7 16. Re3 f5 17. exf6 Bxf6 18. Nxe6 Bxe6 19. Qxe6 Qd7 20. Nxf6+ Rxf6
21. Qe4+ Qf5 22. Qxf5+ Rxf5 23. a3 N4d5 24. Bc2 Nxe3 25. Bxe3 g6 26. Bxf5 gxf5
27. Bxb6 axb6 28. g3 Rc8 29. Kg2 Rc2 30. b4 Rc3 31. Re1 Rxa3 32. Re7+ Kg8 33.
Rxb7 Rb3 34. Rxb6 Kg7 35. b5 Kh7 36. Kh3 Rb4 37. f3 h5 38. f4 Rb2 39. Rb8 Kg7
40. b6 Kh7 41. b7 Kg7 42. Kh4 Rxh2+ 43. Kg5 Rb2 44. Kxf5 1-0

[Event "1st 4NCL Spring Bank Holiday Congress"]
[Site "Basingstoke"]
[Date "2018.05.27"]
[Round "5"]
[Board "18"]
[White "Gibson, Christopher A"]
[Black "Makkar, Rajat"]
[Result "1-0"]
[WhiteElo "1912"]
[BlackElo "1811"]
[PlyCount "77"]
[EventDate "2018.05.25"]
[EventRounds "7"]
[EventCountry "ENG"]

1. e4 e5 2. Nf3 Nf6 3. Nxe5 d6 4. Nf3 Nxe4 5. Nc3 Nxc3 6. dxc3 Be7 7. Be3 O-O
8. Bd3 Nd7 9. Qd2 Nf6 10. O-O-O Be6 11. Kb1 c5 12. Ng5 d5 13. Nxe6 fxe6 14. f3
b5 15. g4 c4 16. Be2 e5 17. g5 Ne8 18. Qxd5+ Qxd5 19. Rxd5 Nd6 20. Bc5 Rad8 21.
Rxe5 Rfe8 22. Re1 Nf5 23. a4 Bxc5 24. Bxc4+ bxc4 25. Rxe8+ Rxe8 26. Rxe8+ Bf8
27. Ra8 Kf7 28. Rxa7+ Kg6 29. b4 Ne3 30. Rd7 Kxg5 31. a5 Kf6 32. a6 Ke6 33. a7
Kxd7 34. a8=Q Bd6 35. Qa7+ Bc7 36. Qxe3 Bxh2 37. Qd4+ Bd6 38. Qxg7+ Kc6 39.
Qxh7 1-0

[Event "1st 4NCL Spring Bank Holiday Congress"]
[Site "Basingstoke"]
[Date "2018.05.27"]
[Round "5"]
[Board "19"]
[White "Akeya-Price, Robert A"]
[Black "Niedbal, Piotr"]
[Result "1/2-1/2"]
[WhiteElo "1760"]
[BlackElo "1907"]
[PlyCount "55"]
[EventDate "2018.05.25"]
[EventRounds "7"]
[EventCountry "ENG"]

1. d4 Nf6 2. c4 g6 3. Nc3 Bg7 4. e4 d6 5. Be2 O-O 6. Be3 e5 7. d5 a5 8. g4 Na6
9. h4 b6 10. f3 h5 11. g5 Ne8 12. Qd2 Bd7 13. Nh3 Rb8 14. Nf2 Nb4 15. Nd3 Na6
16. a3 Ra8 17. Rb1 a4 18. Bd1 Nb8 19. Be2 Qc8 20. Nb4 Qb7 21. Kf2 Qc8 22. Rhg1
Qd8 23. Rg3 Qc8 24. Bd1 Qb7 25. Nb5 Ra5 26. Be2 Ra8 27. Bd1 Ra5 28. Be2 1/2-1/2

[Event "1st 4NCL Spring Bank Holiday Congress"]
[Site "Basingstoke"]
[Date "2018.05.27"]
[Round "5"]
[Board "20"]
[White "Ortiz Sanchez, Luis"]
[Black "Dunn, Alan M"]
[Result "0-1"]
[WhiteElo "1953"]
[BlackElo "2028"]
[PlyCount "54"]
[EventDate "2018.05.25"]
[EventRounds "7"]
[EventCountry "ENG"]

1. e4 c5 2. Nc3 Nc6 3. a3 g6 4. Bc4 Bg7 5. Ba2 e6 6. d3 Nge7 7. h4 h5 8. Bg5 a6
9. Qd2 b5 10. Rb1 b4 11. Nce2 a5 12. a4 d5 13. exd5 exd5 14. Nf3 O-O 15. Bh6
Bg4 16. Bxg7 Kxg7 17. Ng5 Bxe2 18. Qxe2 Nf5 19. Qd2 Re8+ 20. Kf1 Ncd4 21. Re1
Qd7 22. Qd1 Rxe1+ 23. Qxe1 Re8 24. Qd1 Qxa4 25. Bxd5 Nxc2 26. b3 Qa2 27. Be4
Nce3+ 0-1